000 00369nam a2200145Ia 4500
008 230312s9999||||xx |||||||||||||| ||und||
020 _a0-619-20180-0
082 _a371.334
_bCAS-I
100 _aCram;Carol
245 0 _aCommunicating in Buisness with Technology
260 _bThomson
_aAustralia
_c2004
300 _a855
650 _aComputer
_vComputer
942 _cBK
999 _c15434
_d15434